000
00306nam a22001337a 4500
008
171010b xxu||||| |||| 00| 0 eng d
020
_a
9780072557435
041
_a
eng
080
_2
10TH
_a
316
100
_a
50
101
_a
SOC
245
_a
DRUGS, SOCIETY, AND HUMAN BEHAVIOR
_c
RAY,O
942
_2
udc
_c
BK
999
_c
33001
_d
33001